000
00223nam a2200109Ia 4500
100
_a
D.G.E.T.
942
_c
BK
245
_a
ELECTRICIAN SYLLABUS
260
_b
ASIAN PUBLISHERS
_a
New Delhi
546
_a
ENGLISH
999
_c
34046
_d
34046